000 00274nam a2200109Ia 4500
001 1261647
005 20260417140356.0
008 260417s9999 xx 000 0 und d
020 _a9786258094640
245 0 _aAz Kalan Gölge
_cGüray Süngü
260 _bKetebe Yayınları
999 _c1261647
_d1261647